Countries With Wild Bears - Statistics

General Stats
  • This quiz has been taken 179 times
    128 since last reset
  • The average score is 58 of 64
Answers on the Map
Answers color-coded by a green-red scale on the quiz's map according to % correct below.
 
Answer Stats
Hint Answer % Correct
Canada Canada
99%
Russia Russia
99%
United States United States
99%
China China
98%
Greece Greece
98%
India India
97%
Iran Iran
97%
Mongolia Mongolia
97%
Sweden Sweden
97%
Ukraine Ukraine
97%
Finland Finland
96%
Japan Japan
96%
Kazakhstan Kazakhstan
96%
Norway Norway
96%
Turkey Turkey
96%
North Korea North Korea
95%
South Korea South Korea
95%
Afghanistan Afghanistan
94%
Mexico Mexico
94%
Pakistan Pakistan
94%
Poland Poland
94%
Romania Romania
94%
Thailand Thailand
94%
Denmark Denmark
93%
Estonia Estonia
93%
Indonesia Indonesia
93%
Albania Albania
92%
Belarus Belarus
92%
Laos Laos
92%
Nepal Nepal
92%
Uzbekistan Uzbekistan
92%
Iraq Iraq
91%
Italy Italy
91%
Latvia Latvia
91%
Tajikistan Tajikistan
91%
Vietnam Vietnam
91%
Azerbaijan Azerbaijan
90%
Bulgaria Bulgaria
90%
Croatia Croatia
90%
France France
90%
Kyrgyzstan Kyrgyzstan
90%
Spain Spain
90%
Armenia Armenia
89%
Cambodia Cambodia
89%
Kosovo Kosovo
89%
Serbia Serbia
89%
Georgia Georgia
88%
Slovakia Slovakia
88%
Bhutan Bhutan
87%
Bosnia and Herzegovina Bosnia andHerzegovina
87%
Malaysia Malaysia
86%
Myanmar Myanmar
86%
Slovenia Slovenia
86%
Bangladesh Bangladesh
85%
Bolivia Bolivia
84%
North Macedonia North Macedonia
84%
Peru Peru
84%
Colombia Colombia
83%
Montenegro Montenegro
83%
Ecuador Ecuador
82%
Venezuela Venezuela
82%
Sri Lanka Sri Lanka
76%
Taiwan Taiwan
73%
Brunei Brunei
60%
No matching quizzes found
Score Distribution
Percent of People with Each Score
Percentile by Number Answered
Your Score History
You have not taken this quiz since the last reset